| 000 | 00479cam a2200181ua 4500 | ||
|---|---|---|---|
| 020 | _c2.00 | ||
| 041 |
_amal _h |
||
| 082 |
_a928.94812 _bPAR/KE |
||
| 100 | _aParameswaran, Pillai Erumely. | ||
| 245 |
_aKeralathile ezhuthukar,Part ll / _cParameswaran pillai. _hTextual Documents |
||
| 250 |
_a1 / _b. |
||
| 260 |
_aThuravoor : _bSree Narasimha Vilasam Book Depot , _c1963. |
||
| 300 | _a165 ; . | ||
| 365 | _a2.00 | ||
| 504 | _a | ||
| 942 | _cBK | ||
| 999 |
_c3822 _d3822 |
||